000 00508nam a2200169 4500
001 143114
003 ES-MaACL
005 20230906200729.0
007 t|
008 070214s1944 ag r ||||1| spa d
100 1 _aSelva, Manuel.
_9105352
245 1 0 _aTratado de Bibliotecnia /
_cManuel Selva ; prólogo de Ernesto Nelson.
260 _aBuenos Aires :
_bJulio Suárez,
_c1944 (
_fJ. Belmonte)
300 _a2 v. ;
_c28 cm.
700 1 _aNelson, Ernesto.
_985364
852 _aES-MaACL
_jA-173-74
_bR.26708
999 _c143114
_d143114